El Sacro Imperio Romano Germánico. Mil años de historia de Europa.
Saved in:
| 主要作者: | |
|---|---|
| 格式: | 未知 |
| 語言: | 西班牙语 |
| 出版: |
Madrid, España:
Desperta Ferro Ediciones,
2023.
|
| 版: | Tercera edición. |
| 主題: | |
| 標簽: |
添加標簽
沒有標簽, 成為第一個標記此記錄!
|
MARC
| LEADER | 00000 a2200000 4500 | ||
|---|---|---|---|
| 003 | CL-VaPUC | ||
| 005 | 20250313085117.0 | ||
| 008 | 250115t2023 ||||| |||| 00| 0 spa d | ||
| 999 | |c 446189 |d 446187 | ||
| 020 | |a 978-84-121053-2-2 | ||
| 040 | |c Pontificia Universidad Católica de Valparaíso | ||
| 082 | |2 22 |a 943.02 WIL 2023 | ||
| 100 | |a Wilson, Peter H. |9 894637 |e autor | ||
| 245 | |a El Sacro Imperio Romano Germánico. |b Mil años de historia de Europa. | ||
| 250 | |a Tercera edición. | ||
| 260 | |a Madrid, España: |b Desperta Ferro Ediciones, |c 2023. | ||
| 300 | |a 834 páginas. | ||
| 583 | |k GC |c 20250115 | ||
| 651 | 0 | |9 255156 |a Europa |z Sacro Imperio Romano Germánico |v Historia |y 800-1806 | |
| 942 | |2 ddc |c BK | ||
| 952 | |0 0 |1 0 |2 ddc |4 0 |6 943_020000000000000_WIL_2023 |7 0 |8 A |9 599199 |a BIBHIS |b BIBHIS |d 2025-01-13 |e 13 |g 54086.00 |i 5664169 |o 943.02 WIL 2023 |p 5664169 |r 2025-01-13 |t 1 |v 54086.00 |w 2025-01-13 |y BK |k HIS | ||